[Event "HUN-chT1 Charousek 2122"]
[White "Hitter, Gabriella"]
[Black "Gosztola, Istvan"]
[Site "Hungary"]
[Round "1.11"]
[Result "1/2-1/2"]
[Date "2021.10.10"]
[WhiteElo "2102"]
[BlackElo "2139"]
[PlyCount "30"]
[EventDate "2021.10.10"]
[EventType "team-tourn"]
[EventRounds "11"]
[EventCountry "HUN"]
[SourceTitle "EXT 2025"]
[Source "ChessBase"]
[SourceDate "2024.10.14"]
[SourceVersion "1"]
[SourceVersionDate "2024.10.14"]
[SourceQuality "1"]
[WhiteTeam "Szentgotthard Alsoszolnok"]
[BlackTeam "Paks ASE II"]
[WhiteTeamCountry "HUN"]
[BlackTeamCountry "HUN"]

1. e4 c5 2. Nf3 Nc6 3. d4 cxd4 4. Nxd4 Nf6 5. Nc3 e5 6. Ndb5 d6 7. Bg5 a6 8. Na3 Be6 9. Nc4 Rc8 10. Ne3 Be7 11. Bxf6 Bxf6 12. Ned5 Ne7 13. Nxe7 Bxe7 14. Be2 0-0 15. 0-0 g6 1/2-1/2

[Event "HUN-chT2 Charousek 1314"]
[White "Kovacs, David"]
[Black "Gosztola, Istvan"]
[Site "Hungary"]
[Round "2"]
[Result "1-0"]
[Date "2013.09.22"]
[WhiteElo "2200"]
[BlackElo "2138"]
[PlyCount "53"]
[EventDate "2013.09.08"]
[EventType "team-tourn"]
[EventRounds "11"]
[EventCountry "HUN"]
[SourceTitle "EXT 2016"]
[Source "ChessBase"]
[SourceDate "2015.10.08"]
[SourceVersion "1"]
[SourceVersionDate "2015.10.08"]
[SourceQuality "1"]
[WhiteTeam "Geniusz Tata"]
[BlackTeam "Paks ASE II"]
[WhiteTeamCountry "HUN"]
[BlackTeamCountry "HUN"]

1. e4 c5 2. c3 d5 3. exd5 Qxd5 4. d4 Nf6 5. Nf3 Bg4 6. Nbd2 cxd4 7. Bc4 Qd6 8. Qb3 Nc6 9. Bxf7+ Kd8 10. 0-0 e6 11. Ng5 Na5 12. Qa4 h6 13. Nxe6+ Bxe6 14. Bxe6 Nc6 15. Bb3 a6 16. Bd1 b5 17. Qb3 Ra7 18. cxd4 Nxd4 19. Qh3 g5 20. Nb3 Rd7 21. Nxd4 Qxd4 22. Be3 Qxb2 23. Bb3 g4 24. Bb6+ Ke8 25. Qe3+ Be7 26. Rad1 Qa3 27. Qe6 1-0

[Event "HUN-chT2 Charousek 0910"]
[White "Odor, Istvan"]
[Black "Gosztola, Istvan"]
[Site "Hungary"]
[Round "8"]
[Result "1-0"]
[Date "2010.03.21"]
[WhiteElo "1958"]
[BlackElo "2166"]
[PlyCount "85"]
[EventDate "2009.11.08"]
[EventType "team-tourn"]
[EventRounds "11"]
[EventCountry "HUN"]
[SourceTitle "EXT 2011"]
[Source "ChessBase"]
[SourceDate "2010.11.26"]
[SourceVersion "1"]
[SourceVersionDate "2010.11.26"]
[SourceQuality "1"]
[WhiteTeam "Sarvar"]
[BlackTeam "Paks II"]
[WhiteTeamCountry "HUN"]
[BlackTeamCountry "HUN"]

1. e4 c5 2. Nf3 Nc6 3. d4 cxd4 4. Nxd4 Nf6 5. Nc3 e5 6. Ndb5 d6 7. Bg5 a6 8. Na3 Be6 9. Nc4 Rc8 10. Ne3 Be7 11. Bxf6 Bxf6 12. Ncd5 Bg5 13. c3 0-0 14. Be2 g6 15. 0-0 f5 16. exf5 gxf5 17. Nc4 Kh8 18. Ncb6 Rb8 19. Qa4 Rg8 20. Rfd1 f4 21. Bf3 Bh4 22. Qe4 Qg5 23. Nc4 Rbd8 24. Ndb6 Bf5 25. Qe2 Qg6 26. Nd2 Bc2 27. Re1 Bd3 28. Be4 Bxe2 29. Bxg6 f3 30. Rxe2 fxe2 31. Bd3 Bg5 32. Nf3 e4 33. Bxe4 Rde8 34. Bd5 Bd2 35. Bxg8 Kxg8 36. Nc4 Ne5 37. Ncxd2 Nd3 38. Ne1 Nxb2 39. f3 Rc8 40. Kf2 Rxc3 41. Kxe2 b5 42. Ne4 Rc6 43. Rb1 1-0

[Event "HUN-chT2 Charousek 0607"]
[White "Gosztola, Istvan"]
[Black "Farkas, Zsolt"]
[Site "Hungary"]
[Round "6"]
[Result "1/2-1/2"]
[Date "2007.03.04"]
[WhiteElo "2183"]
[BlackElo "2218"]
[PlyCount "67"]
[EventDate "2006.11.12"]
[EventType "team-tourn"]
[EventRounds "11"]
[EventCountry "HUN"]
[SourceTitle "EXT 2008"]
[Source "ChessBase"]
[SourceDate "2007.11.25"]
[SourceVersion "1"]
[SourceVersionDate "2007.11.25"]
[SourceQuality "1"]
[WhiteTeam "Paks II"]
[BlackTeam "Paks II"]
[WhiteTeamCountry "HUN"]
[BlackTeamCountry "HUN"]

1. e4 d5 2. exd5 Qxd5 3. Nc3 Qa5 4. d4 Nf6 5. Nf3 Bg4 6. Bc4 e6 7. Bd2 Qh5 8. Be2 c6 9. Bf4 Nbd7 10. h3 Bxf3 11. Bxf3 Qf5 12. Bh2 Nb6 13. Qe2 Rd8 14. a4 Bb4 15. 0-0 Rxd4 16. Nb5 cxb5 17. c3 Rd7 18. cxb4 bxa4 19. Rfd1 Nfd5 20. Be5 0-0 21. Be4 Qg5 22. h4 Qh6 23. g3 f5 24. Bg2 Rc8 25. f4 Qg6 26. Kh2 Qe8 27. b5 Rc4 28. Rac1 Qc8 29. Rxc4 Qxc4 30. Qh5 Rf7 31. Bxg7 Kxg7 32. Qg5+ Kf8 33. Qd8+ Kg7 34. Qg5+ 1/2-1/2

[Event "HUN-chT2 Charousek 0607"]
[White "Gosztola, Istvan"]
[Black "Toth, Jozsef2"]
[Site "Hungary"]
[Round "5"]
[Result "1/2-1/2"]
[Date "2007.02.18"]
[WhiteElo "2183"]
[BlackElo "2220"]
[PlyCount "36"]
[EventDate "2006.11.12"]
[EventType "team-tourn"]
[EventRounds "11"]
[EventCountry "HUN"]
[SourceTitle "EXT 2008"]
[Source "ChessBase"]
[SourceDate "2007.11.25"]
[SourceVersion "1"]
[SourceVersionDate "2007.11.25"]
[SourceQuality "1"]
[WhiteTeam "Paks II"]
[BlackTeam "Gyor Elektromos"]
[WhiteTeamCountry "HUN"]
[BlackTeamCountry "HUN"]

1. d4 d5 2. c4 c6 3. b3 Nf6 4. Nf3 Bf5 5. g3 e6 6. Nbd2 Ne4 7. Nxe4 Bxe4 8. Bg2 Be7 9. 0-0 0-0 10. Ne1 Bxg2 11. Kxg2 Bf6 12. Ba3 Re8 13. Nf3 Nd7 14. Qd2 b5 15. cxb5 cxb5 16. Rac1 Rc8 17. Rxc8 Qxc8 18. Rc1 Qa6 1/2-1/2

[Event "HUN-chT2 Charousek 0506"]
[White "Gosztola, Istvan"]
[Black "Gergacz, Attila"]
[Site "Hungary"]
[Round "9"]
[Result "1-0"]
[Date "2006.03.19"]
[WhiteElo "2176"]
[BlackElo "2209"]
[PlyCount "65"]
[EventDate "2005.10.16"]
[EventType "team"]
[EventRounds "11"]
[EventCountry "HUN"]
[SourceTitle "EXT 2009"]
[Source "ChessBase"]
[SourceDate "2008.11.26"]
[SourceVersion "1"]
[SourceVersionDate "2008.11.26"]
[SourceQuality "1"]
[WhiteTeam "Paks II"]
[BlackTeam "Szentgotthard"]
[WhiteTeamCountry "HUN"]
[BlackTeamCountry "HUN"]

1. d4 e6 2. c4 Nf6 3. Nf3 b6 4. Nc3 Bb7 5. g3 Bb4 6. Bg2 0-0 7. 0-0 Na6 8. Bf4 Bxc3 9. bxc3 h6 10. a4 Nh5 11. Qd2 g5 12. Be3 f5 13. Ne1 Bxg2 14. Nxg2 Qf6 15. f4 g4 16. a5 Rfb8 17. Rfb1 c6 18. Ra3 Nc7 19. axb6 axb6 20. Rxa8 Nxa8 21. d5 exd5 22. cxd5 Qd6 23. Nh4 Ng7 24. Qd4 Re8 25. Kf2 Re7 26. c4 c5 27. Qd3 Qf6 28. Bd2 Re4 29. Bc3 Qf8 30. d6 Ne6 31. Qd5 b5 32. Rxb5 Kh7 33. Rb7 1-0

[Event "HUN-chT2 Charousek 0304"]
[White "Gosztola, Istvan"]
[Black "Rozsa, Peter"]
[Site "Hungary"]
[Round "11"]
[Result "1-0"]
[Date "2004.04.18"]
[WhiteElo "2181"]
[BlackElo "2232"]
[PlyCount "131"]
[EventDate "2003.09.28"]
[EventType "team-tourn"]
[EventRounds "11"]
[EventCountry "HUN"]
[SourceTitle "EXT 2005"]
[Source "ChessBase"]
[SourceDate "2004.11.15"]
[SourceVersion "1"]
[SourceVersionDate "2004.11.15"]
[SourceQuality "1"]

1. e4 d6 2. d4 Nf6 3. Nc3 e5 4. dxe5 dxe5 5. Qxd8+ Kxd8 6. Bg5 Be7 7. Bc4 Be6 8. Bxe6 fxe6 9. 0-0-0+ Nfd7 10. Be3 Nc6 11. Nf3 Bd6 12. Nb5 Ke7 13. Nd2 Nf6 14. f3 a6 15. Nxd6 Kxd6 16. Nc4+ Ke7 17. Rd3 Rhd8 18. Rhd1 Rxd3 19. Rxd3 h6 20. a4 Nd7 21. a5 Rb8 22. c3 Nd8 23. Kc2 Nf7 24. b4 Nd6 25. Kb3 Nxc4 26. Kxc4 b5+ 27. axb6 cxb6 28. Kb3 Rc8 29. c4 a5 30. Rd2 Rc6 31. Ra2 Rd6 32. Rd2 axb4 33. Kxb4 Rxd2 34. Bxd2 Kd6 35. Kb5 Kc7 36. g4 Kb7 37. h4 Nc5 38. Bb4 Nb3 39. Bf8 Nd4+ 40. Kb4 Nxf3 41. Bxg7 Nxh4 42. Bxh6 Kc6 43. Be3 Ng2 44. Bd2 Nf4 45. Kc3 Ng6 46. Be3 Nh4 47. Bg5 Ng6 48. Be3 Nh4 49. g5 Ng6 50. Kb4 Ne7 51. Bf2 Ng6 52. Bg3 Nf8 53. Bxe5 Ng6 54. Bf6 Nf4 55. Bd4 Ng6 56. Kc3 Nf4 57. Kd2 b5 58. c5 b4 59. Ke3 Ng6 60. Kf3 b3 61. Kg4 b2 62. Bxb2 Kxc5 63. Kh5 Nf4+ 64. Kh6 Kc4 65. g6 e5 66. g7 1-0

[Event "HUN-chT2 Charousek 0304"]
[White "Gosztola, Istvan"]
[Black "Horkai, Andras"]
[Site "Hungary"]
[Round "8"]
[Result "0-1"]
[Date "2004.02.22"]
[WhiteElo "2181"]
[BlackElo "2148"]
[PlyCount "76"]
[EventDate "2003.09.28"]
[EventType "team-tourn"]
[EventRounds "11"]
[EventCountry "HUN"]
[SourceTitle "EXT 2005"]
[Source "ChessBase"]
[SourceDate "2004.11.15"]
[SourceVersion "1"]
[SourceVersionDate "2004.11.15"]
[SourceQuality "1"]

1. e4 c5 2. c3 d5 3. exd5 Qxd5 4. d4 e5 5. Nf3 cxd4 6. cxd4 Bb4+ 7. Nc3 Nf6 8. dxe5 Bxc3+ 9. bxc3 Qxd1+ 10. Kxd1 Ne4 11. Ke1 0-0 12. Bd3 Nxc3 13. Bd2 Nd5 14. Be4 Be6 15. Rb1 b6 16. Ng5 h6 17. Nxe6 fxe6 18. Rb5 Rd8 19. f4 Na6 20. Ke2 Nc5 21. Bf3 g6 22. Rd1 Rac8 23. g3 Kf7 24. Rc1 Ne7 25. Bb4 Nd7 26. Bxe7 Kxe7 27. Rbb1 Rxc1 28. Rxc1 Nc5 29. Rc4 Rd7 30. a4 Rc7 31. Ke3 Rd7 32. Be2 a5 33. Bf3 Rd3+ 34. Kf2 Rd2+ 35. Be2 Ra2 36. Rd4 Nxa4 37. Rc4 Nc5 38. Ke3 Rb2 0-1

[Event "HUN-chT2 0102"]
[White "Gosztola, Istvan"]
[Black "Antok, Daniel"]
[Site "Hungary"]
[Round "9"]
[Result "1/2-1/2"]
[Date "2002.03.24"]
[WhiteElo "2205"]
[BlackElo "2131"]
[PlyCount "61"]
[EventDate "2001.??.??"]
[EventType "team-tourn"]
[EventRounds "11"]
[EventCountry "HUN"]
[SourceTitle "EXT 2004"]
[Source "ChessBase"]
[SourceDate "2003.11.25"]
[SourceVersion "1"]
[SourceVersionDate "2003.11.25"]
[SourceQuality "1"]

1. e4 c5 2. c3 Nf6 3. e5 Nd5 4. Nf3 d6 5. d4 cxd4 6. cxd4 Nc6 7. Bc4 dxe5 8. dxe5 Ndb4 9. Qb3 e6 10. 0-0 Bd7 11. Na3 Na5 12. Qd1 Nxc4 13. Nxc4 Bb5 14. b3 Bxc4 15. bxc4 Qxd1 16. Rxd1 Rc8 17. Be3 Nc2 18. Rac1 Nxe3 19. fxe3 Bc5 20. Kf2 Ke7 21. Nd4 f6 22. exf6+ gxf6 23. Nb3 Bd6 24. h3 Be5 25. Rd3 Rhd8 26. Ke2 Rxd3 27. Kxd3 f5 28. c5 Rg8 29. Rc2 Kd7 30. Nd4 Bxd4 31. Kxd4 1/2-1/2

[Event "HUN-chT 9900"]
[White "Gosztola, Istvan"]
[Black "Rigo, Janos"]
[Site "Hungary"]
[Round "9"]
[Result "0-1"]
[Date "2000.03.05"]
[WhiteElo "2227"]
[BlackElo "2347"]
[PlyCount "62"]
[EventDate "1999.09.26"]
[EventType "team-tourn"]
[EventRounds "11"]
[EventCountry "HUN"]
[SourceTitle "EXT 2009"]
[Source "ChessBase"]
[SourceDate "2008.11.26"]
[SourceVersion "1"]
[SourceVersionDate "2008.11.26"]
[SourceQuality "1"]
[WhiteTeam "Paks"]
[BlackTeam "Honved"]
[WhiteTeamCountry "HUN"]
[BlackTeamCountry "HUN"]

1. g3 Nf6 2. Bg2 c5 3. c4 g6 4. Nc3 Bg7 5. e3 0-0 6. Nge2 d6 7. d4 Qc7 8. b3 a6 9. 0-0 Nc6 10. Bb2 Rb8 11. d5 Na5 12. Qd3 Bd7 13. Rab1 b5 14. cxb5 axb5 15. Rfc1 c4 16. bxc4 Nxc4 17. Nd4 Rfc8 18. Nc6 Bxc6 19. dxc6 Ne5 20. Qc2 e6 21. Ne2 Nc4 22. a4 d5 23. e4 Nxb2 24. Rxb2 Nxe4 25. Rxb5 Nd6 26. Qb3 Nxb5 27. axb5 Qa5 28. Rb1 Rxc6 29. Bf1 Rc4 30. Nf4 Rc3 31. Qd1 Qb6 0-1

[Event "HUN-chT 9899"]
[White "Horvath, Zoltan"]
[Black "Gosztola, Istvan"]
[Site "Hungary"]
[Round "?"]
[Result "1-0"]
[Date "1999.??.??"]
[WhiteElo "2340"]
[BlackElo "2230"]
[PlyCount "93"]
[EventDate "1998.??.??"]
[EventType "team-tourn"]
[EventRounds "12"]
[EventCountry "HUN"]
[SourceTitle "EXT 2000"]
[Source "ChessBase"]
[SourceDate "1999.11.16"]
[SourceVersion "1"]
[SourceVersionDate "1999.11.16"]
[SourceQuality "1"]

1. e4 d5 2. exd5 Qxd5 3. Nc3 Qa5 4. d4 Nf6 5. Nf3 Nc6 6. Bb5 Bd7 7. 0-0 a6 8. Bc4 Bg4 9. h3 Bh5 10. g4 Bg6 11. Qe2 0-0-0 12. Rd1 Nb4 13. Ne5 e6 14. Bxe6+ fxe6 15. Nc4 Qd5 16. Nxd5 exd5 17. Ne5 Bxc2 18. Rd2 Bg6 19. a3 Nc6 20. Nxc6 bxc6 21. Qxa6+ Kd7 22. b4 Rb8 23. Rb2 Rb6 24. Qe2 Bd6 25. b5 Ne4 26. bxc6+ Rxc6 27. Bd2 Rf8 28. Bb4 Rxf2 29. Qxf2 Nxf2 30. Kxf2 Bf4 31. Bd2 Bd6 32. Ke3 Be7 33. a4 Re6+ 34. Kf3 Bh4 35. Be3 Bd3 36. g5 Bg6 37. Ra3 Bh5+ 38. Kg2 Be1 39. Bf2 Bxf2 40. Kxf2 Re4 41. a5 Re8 42. a6 Ra8 43. a7 Kc8 44. Ke3 Be8 45. Kf4 Bc6 46. Ke5 Kd7 47. Rb8 1-0

[Event "HUN-chT 9899"]
[White "Forgacs, Attila"]
[Black "Gosztola, Istvan"]
[Site "Hungary"]
[Round "?"]
[Result "0-1"]
[Date "1998.??.??"]
[WhiteElo "2180"]
[BlackElo "2230"]
[PlyCount "84"]
[EventDate "1998.??.??"]
[EventType "team-tourn"]
[EventRounds "12"]
[EventCountry "HUN"]
[SourceTitle "EXT 2000"]
[Source "ChessBase"]
[SourceDate "1999.11.16"]
[SourceVersion "1"]
[SourceVersionDate "1999.11.16"]
[SourceQuality "1"]

1. e4 c5 2. Nf3 Nc6 3. Nc3 Nf6 4. Bb5 Qc7 5. 0-0 a6 6. Bxc6 Qxc6 7. d4 Nxe4 8. Nxe4 Qxe4 9. Re1 Qc6 10. dxc5 e6 11. Ne5 Qxc5 12. Qf3 f6 13. Nd3 Qc6 14. Qg3 b6 15. c4 Bb7 16. b4 Bd6 17. Bf4 Bxf4 18. Nxf4 0-0 19. Rad1 Rf7 20. Rc1 Rc8 21. Nd3 e5 22. c5 b5 23. f3 Qd5 24. Nf2 Qxa2 25. Ng4 Kf8 26. Qh4 Kg8 27. Ne3 Qe6 28. Rcd1 d5 29. cxd6 Rd7 30. Qg3 Rcd8 31. Rc1 Rxd6 32. Rc7 R6d7 33. Rc5 Rd4 34. Rc7 R8d7 35. Rcc1 Rxb4 36. Ng4 Rbd4 37. Qh3 Qd6 38. Qh5 Re7 39. Qf5 b4 40. Ne3 g6 41. Rc8+ Bxc8 42. Qxc8+ Kg7 0-1

[Event "HUN-chT 9899"]
[White "Grabics, Monika"]
[Black "Gosztola, Istvan"]
[Site "Hungary"]
[Round "?"]
[Result "1-0"]
[Date "1998.??.??"]
[WhiteElo "2355"]
[BlackElo "2230"]
[PlyCount "61"]
[EventDate "1998.??.??"]
[EventType "team-tourn"]
[EventRounds "12"]
[EventCountry "HUN"]
[SourceTitle "EXT 2000"]
[Source "ChessBase"]
[SourceDate "1999.11.16"]
[SourceVersion "1"]
[SourceVersionDate "1999.11.16"]
[SourceQuality "1"]

1. e4 c5 2. Nf3 Nc6 3. d4 cxd4 4. Nxd4 Nf6 5. Nc3 e5 6. Ndb5 d6 7. Bg5 a6 8. Na3 Be6 9. Nc4 Rc8 10. Bxf6 gxf6 11. Ne3 Ne7 12. Bd3 Qb6 13. 0-0 Qxb2 14. Ncd5 Bxd5 15. Nxd5 Nxd5 16. exd5 Qd4 17. c4 Bh6 18. Re1 Ke7 19. Re4 Qc3 20. Rb1 Rc7 21. Qf3 Bf4 22. Re2 h5 23. Rc2 Qd4 24. c5 Rxc5 25. Rxb7+ Kf8 26. Rxc5 Qxc5 27. g3 Bg5 28. h4 Kg7 29. hxg5 Qc1+ 30. Kg2 Qxg5 31. Qf5 1-0

[Event "HUN-chT 9798"]
[White "Gosztola, Istvan"]
[Black "Horvath, Sandor"]
[Site "Hungary"]
[Round "?"]
[Result "1/2-1/2"]
[Date "1997.??.??"]
[WhiteElo "2280"]
[BlackElo "2365"]
[PlyCount "72"]
[EventDate "1997.??.??"]
[EventType "team-tourn"]
[EventRounds "12"]
[EventCountry "HUN"]
[SourceTitle "EXT 2000"]
[Source "ChessBase"]
[SourceDate "1999.11.16"]
[SourceVersion "1"]
[SourceVersionDate "1999.11.16"]
[SourceQuality "1"]

1. e4 c5 2. c3 Qa5 3. Nf3 Nc6 4. d4 cxd4 5. b4 Qc7 6. b5 Ne5 7. Nxe5 Qxe5 8. Qxd4 Qc7 9. Be2 e5 10. Qd3 Nf6 11. 0-0 Be7 12. c4 b6 13. Nc3 Bb7 14. Nd5 Bxd5 15. cxd5 Bc5 16. Bg5 Qd6 17. Rac1 h6 18. Bd2 0-0 19. Kh1 Qe7 20. a4 Rfc8 21. Rc2 Bd4 22. Rxc8+ Rxc8 23. f4 Qc5 24. g3 Qe7 25. f5 d6 26. Rc1 Rxc1+ 27. Bxc1 Qc7 28. Ba3 Kf8 29. Kg2 Ke7 30. Kf3 Bc5 31. Qc4 Nd7 32. Bc1 Kd8 33. h3 Bd4 34. Qxc7+ Kxc7 35. Bd1 Kd8 36. g4 f6 1/2-1/2